000 01410nam a22002177a 4500
999 _c58152
_d58152
003 Ge_BSU
005 20210705143453.0
008 210705s2004 ge ||||| |||| 00| 0 geo d
020 _a9994018302
041 _ageo
080 _a336.763(479.22)+347.457(479.22)(094.5.072) ჯ-42
100 _aჯიბუტი, მიხეილ
_912182
245 _a"ფასიანი ქაღალდების ბაზრის შესახებ" საქართველოს კანონის კომენტარი /
_cმიხეილ ჯიბუტი; ქართლოს ყორანაშვილი; რედაქტორი: გიორგი ლოლაძე.
264 _a თბილისი :
_bსაქართველოს ფასიანი ქაღალდების ინდუსტრიის ასოციაცია,
_c2004.
300 _a431 გვ. :
_bცხ. ;
_c21 სმ.
653 _aფასიანი ქაღალდების საჯარო შეთავაზება
653 _aფასიანი ქაღალდებით საჯარო ვაჭრობა
700 _aყორანაშვილი, ქართლოს
_eავტორი
_912183
700 _aლოლაძე, გიორგი
_eმთავარი რედაქტორი
_912184
942 _2udc
_cBK